Language Quiz

Random Language Quiz
Score 0/27 Timer 06:00
0 Plays Today
First and last letter! Synonym % Correct
S....EStrange
82.6%
W....DWeird
78.3%
Q....RQueer
73.9%
U....LUnusual
56.5%
B....EBizarre
52.2%
Z....YZany
52.2%
K....YKooky
39.1%
P....RPeculiar
39.1%
F....YFunny
34.8%
Q....YQuirky
34.8%
E....CEccentric
30.4%
I....RIrregular
30.4%
U....NUncommon
26.1%
R....ERare
26.1%
First and last letter! Synonym % Correct
C....SCurious
21.7%
U....YUncanny
21.7%
A....LAbnormal
17.4%
A....LAtypical
17.4%
D....TDifferent
17.4%
U....EUnique
17.4%
M....SMysterious
13%
E....LExceptional
8.7%
O....HOutlandish
8.7%
A....SAnomalous
4.3%
R....ERemarkable
4.3%
U....DUnexpected
4.3%
E....YExtraordinary
0%
Come Together.
Have Fun.
All Virtual.
We all need to come together. Play Sporcle's virtual live trivia to have fun, connect with people, and get your trivia on. Join a live hosted trivia game for your favorite pub trivia experience done virtually. If a virtual private party is more your thing, go here for details.

You're not logged in!

Compare scores with friends on all Sporcle quizzes.
OR
Log In

Sporcle TV

Today on Sporcle TV


Watch our educational content, quiz creation guides, and fun videos on Sporcle TV.

Show Comments

Extras

Created Jan 20, 2016ReportNominate
Tags:odd, Synonym

Top Quizzes Today


Score Distribution

Paid Content

Your Account Isn't Verified!

In order to create a playlist on Sporcle, you need to verify the email address you used during registration. Go to your Sporcle Settings to finish the process.

Report this User

Report this user for behavior that violates our Community Guidelines.

Details: